000 00609nam a2200205 a 4500
005 20220531063600.0
008 991125s1976 es 000 0 spa u
020 _a8425208866
035 _aUPN01000008751
049 _aCG
050 4 _aPN6790 CH5
_bF8.48
245 0 4 _aLos comics de Mao /
_ced. G. Nebiolo ; tr. de Jaume Forga.
260 _aBarcelona, Esp. :
_bG. Gili,
_c1976.
300 _a286 p. :
_bil. col.
440 0 _aComunicación visual
534 _pTraducción de:
_tI fumetti di Mao
650 7 _aTiras cómicas, historietas, etc.
_2
_95861
700 1 _aNebiolo, Gino,
_eed.
905 _aLibro
999 _c8751
_d8751